<?xml version="1.0" encoding="UTF-8"?>
<record
    xmlns:xsi="http://www.w3.org/2001/XMLSchema-instance"
    xsi:schemaLocation="http://www.loc.gov/MARC21/slim http://www.loc.gov/standards/marcxml/schema/MARC21slim.xsd"
    xmlns="http://www.loc.gov/MARC21/slim">

  <leader>01666nam a2200313Ia 4500</leader>
  <datafield tag="999" ind1=" " ind2=" ">
    <subfield code="c">38679</subfield>
    <subfield code="d">38679</subfield>
  </datafield>
  <controlfield tag="001">4922</controlfield>
  <controlfield tag="003">GE_BSU</controlfield>
  <controlfield tag="005">20190802153036.0</controlfield>
  <controlfield tag="008">181216s2009||||ge |||||||||||||| ||geo||</controlfield>
  <datafield tag="040" ind1=" " ind2=" ">
    <subfield code="c">GE_BSU</subfield>
  </datafield>
  <datafield tag="041" ind1=" " ind2=" ">
    <subfield code="a">geo</subfield>
  </datafield>
  <datafield tag="080" ind1=" " ind2=" ">
    <subfield code="a">61 &#x10E1;-22</subfield>
  </datafield>
  <datafield tag="245" ind1=" " ind2=" ">
    <subfield code="a">&#x10E1;&#x10D0;&#x10DB;&#x10D4;&#x10D3;&#x10D8;&#x10EA;&#x10D8;&#x10DC;&#x10DD; &#x10E4;&#x10D8;&#x10D6;&#x10D8;&#x10D9;&#x10D0; :</subfield>
    <subfield code="b">&#x10E1;&#x10D0;&#x10EE;&#x10D4;&#x10DA;&#x10DB;&#x10EB;&#x10E6;&#x10D5;. /</subfield>
    <subfield code="c">&#x10DB;&#x10D0;&#x10DC;&#x10DD;&#x10DC;&#x10D8; &#x10D9;&#x10DD;&#x10D1;&#x10D0;&#x10D8;&#x10EB;&#x10D4;, &#x10D0;&#x10DB;&#x10D8;&#x10E0;&#x10D0;&#x10DC; &#x10D6;&#x10D0;&#x10E5;&#x10D0;&#x10E0;&#x10D0;&#x10D8;&#x10D0;, &#x10D0;&#x10DB;&#x10D8;&#x10E0;&#x10D0;&#x10DC; &#x10D0;&#x10DC;&#x10D7;&#x10D8;&#x10D0; &#x10D3;&#x10D0; &#x10E1;&#x10EE;&#x10D5;.; &#x10D0;&#x10DA;&#x10D4;&#x10E5;&#x10E1;&#x10D0;&#x10DC;&#x10D3;&#x10E0;&#x10D4; &#x10EA;&#x10D8;&#x10D1;&#x10D0;&#x10EB;&#x10D8;&#x10E1; &#x10E0;&#x10D4;&#x10D3;&#x10D0;&#x10E5;&#x10E2;&#x10DD;&#x10E0;&#x10DD;&#x10D1;&#x10D8;&#x10D7;.</subfield>
  </datafield>
  <datafield tag="264" ind1=" " ind2=" ">
    <subfield code="a">&#x10D7;&#x10D1;&#x10D8;&#x10DA;&#x10D8;&#x10E1;&#x10D8; :</subfield>
    <subfield code="b">&#x10E1;&#x10D0;&#x10DB;&#x10D4;&#x10D3;&#x10D8;&#x10EA;&#x10D8;&#x10DC;&#x10DD; &#x10E4;&#x10D8;&#x10D6;&#x10D8;&#x10D9;&#x10D0; ;</subfield>
    <subfield code="c">2009.</subfield>
  </datafield>
  <datafield tag="300" ind1=" " ind2=" ">
    <subfield code="a">175 &#x10D2;&#x10D5;. ;</subfield>
    <subfield code="c">29 &#x10E1;&#x10DB;.</subfield>
  </datafield>
  <datafield tag="541" ind1=" " ind2=" ">
    <subfield code="h">16&#x10DA;.</subfield>
  </datafield>
  <datafield tag="653" ind1=" " ind2=" ">
    <subfield code="a">&#x10E1;&#x10D0;&#x10DB;&#x10D4;&#x10D3;&#x10D8;&#x10EA;&#x10D8;&#x10DC;&#x10DD; &#x10E4;&#x10D8;&#x10D6;&#x10D8;&#x10D9;&#x10D0; </subfield>
  </datafield>
  <datafield tag="653" ind1=" " ind2=" ">
    <subfield code="a">&#x10DD;&#x10DE;&#x10E2;&#x10D8;&#x10D9;&#x10E3;&#x10E0;&#x10D8; &#x10DB;&#x10DD;&#x10D5;&#x10DA;&#x10D4;&#x10DC;&#x10D4;&#x10D1;&#x10D8; </subfield>
  </datafield>
  <datafield tag="653" ind1=" " ind2=" ">
    <subfield code="a">&#x10D0;&#x10E2;&#x10DD;&#x10DB;&#x10E3;&#x10E0;&#x10D8; &#x10DB;&#x10DD;&#x10D5;&#x10DA;&#x10D4;&#x10DC;&#x10D4;&#x10D1;&#x10D8;</subfield>
  </datafield>
  <datafield tag="700" ind1=" " ind2=" ">
    <subfield code="a">&#x10D9;&#x10DD;&#x10D1;&#x10D0;&#x10D8;&#x10EB;&#x10D4;, &#x10DB;&#x10D0;&#x10DC;&#x10DD;&#x10DC;&#x10D8; </subfield>
    <subfield code="e">&#x10D0;&#x10D5;&#x10E2;&#x10DD;&#x10E0;&#x10D8;</subfield>
    <subfield code="9">3377</subfield>
  </datafield>
  <datafield tag="700" ind1=" " ind2=" ">
    <subfield code="a">&#x10D6;&#x10D0;&#x10E5;&#x10D0;&#x10E0;&#x10D0;&#x10D8;&#x10D0;, &#x10D0;&#x10DB;&#x10D8;&#x10E0;&#x10D0;&#x10DC; </subfield>
    <subfield code="e">&#x10D0;&#x10D5;&#x10E2;&#x10DD;&#x10E0;&#x10D8;</subfield>
    <subfield code="9">3378</subfield>
  </datafield>
  <datafield tag="700" ind1=" " ind2=" ">
    <subfield code="a"> &#x10DB;&#x10D8;&#x10E0;&#x10EA;&#x10EE;&#x10E3;&#x10DA;&#x10D0;&#x10D5;&#x10D0;, &#x10DB;&#x10D4;&#x10E0;&#x10D0;&#x10D1;</subfield>
    <subfield code="e">&#x10D0;&#x10D5;&#x10E2;&#x10DD;&#x10E0;&#x10D8;</subfield>
    <subfield code="9">3379</subfield>
  </datafield>
  <datafield tag="700" ind1=" " ind2=" ">
    <subfield code="a">&#x10D0;&#x10DC;&#x10D7;&#x10D8;&#x10D0;, &#x10E0;&#x10D0;&#x10DB;&#x10D8;&#x10DC; </subfield>
    <subfield code="e">&#x10D0;&#x10D5;&#x10E2;&#x10DD;&#x10E0;&#x10D8;</subfield>
    <subfield code="9">3380</subfield>
  </datafield>
  <datafield tag="700" ind1=" " ind2=" ">
    <subfield code="a">&#x10D2;&#x10DD;&#x10EA;&#x10D8;&#x10E0;&#x10D8;&#x10EB;&#x10D4;, &#x10DC;&#x10D8;&#x10D9;&#x10DD;&#x10DA;&#x10DD;&#x10D6; </subfield>
    <subfield code="e">&#x10D0;&#x10D5;&#x10E2;&#x10DD;&#x10E0;&#x10D8;</subfield>
    <subfield code="9">3381</subfield>
  </datafield>
  <datafield tag="700" ind1=" " ind2=" ">
    <subfield code="a">&#x10D9;&#x10DD;&#x10E0;&#x10D9;&#x10D4;&#x10DA;&#x10D8;&#x10D0;, &#x10DB;&#x10D0;&#x10D9;&#x10D0; </subfield>
    <subfield code="e">&#x10D0;&#x10D5;&#x10E2;&#x10DD;&#x10E0;&#x10D8;</subfield>
    <subfield code="9">3382</subfield>
  </datafield>
  <datafield tag="700" ind1=" " ind2=" ">
    <subfield code="a">&#x10E9;&#x10D8;&#x10E0;&#x10D0;&#x10EB;&#x10D4;, &#x10D2;&#x10D8;&#x10DD;&#x10E0;&#x10D2;&#x10D8; </subfield>
    <subfield code="e">&#x10D0;&#x10D5;&#x10E2;&#x10DD;&#x10E0;&#x10D8;</subfield>
    <subfield code="9">3383</subfield>
  </datafield>
  <datafield tag="700" ind1=" " ind2=" ">
    <subfield code="a">&#x10EA;&#x10D8;&#x10D1;&#x10D0;&#x10EB;&#x10D4;, &#x10D0;&#x10DA;&#x10D4;&#x10E5;&#x10E1;&#x10D0;&#x10DC;&#x10D3;&#x10E0;&#x10D4;  </subfield>
    <subfield code="e">&#x10E0;&#x10D4;&#x10D3;&#x10D0;&#x10E5;&#x10E2;&#x10DD;&#x10E0;&#x10D8;</subfield>
    <subfield code="9">3384</subfield>
  </datafield>
  <datafield tag="942" ind1=" " ind2=" ">
    <subfield code="c">BK</subfield>
    <subfield code="2">udc</subfield>
  </datafield>
  <datafield tag="952" ind1=" " ind2=" ">
    <subfield code="0">0</subfield>
    <subfield code="1">0</subfield>
    <subfield code="2">udc</subfield>
    <subfield code="4">0</subfield>
    <subfield code="6">61_&#x10E1;22</subfield>
    <subfield code="7">0</subfield>
    <subfield code="9">40868</subfield>
    <subfield code="a">CPL</subfield>
    <subfield code="b">CPL</subfield>
    <subfield code="c">GEN</subfield>
    <subfield code="d">2018-12-17</subfield>
    <subfield code="g">16.50</subfield>
    <subfield code="o">61 &#x10E1;-22</subfield>
    <subfield code="p">13071</subfield>
    <subfield code="r">2018-12-17</subfield>
    <subfield code="t">13071</subfield>
    <subfield code="w">2018-12-17</subfield>
    <subfield code="y">BK</subfield>
    <subfield code="z">16.50 &#x10DA;.</subfield>
  </datafield>
  <datafield tag="952" ind1=" " ind2=" ">
    <subfield code="0">0</subfield>
    <subfield code="1">0</subfield>
    <subfield code="2">udc</subfield>
    <subfield code="4">0</subfield>
    <subfield code="6">61_&#x10E1;22</subfield>
    <subfield code="7">0</subfield>
    <subfield code="9">40869</subfield>
    <subfield code="a">CPL</subfield>
    <subfield code="b">CPL</subfield>
    <subfield code="c">GEN</subfield>
    <subfield code="d">2018-12-17</subfield>
    <subfield code="g">16.50</subfield>
    <subfield code="o">61 &#x10E1;-22</subfield>
    <subfield code="p">13072</subfield>
    <subfield code="r">2018-12-17</subfield>
    <subfield code="t">13072</subfield>
    <subfield code="w">2018-12-17</subfield>
    <subfield code="y">BK</subfield>
    <subfield code="z">16.50 &#x10DA;.</subfield>
  </datafield>
  <datafield tag="952" ind1=" " ind2=" ">
    <subfield code="0">0</subfield>
    <subfield code="1">0</subfield>
    <subfield code="2">udc</subfield>
    <subfield code="4">0</subfield>
    <subfield code="6">61_&#x10E1;22</subfield>
    <subfield code="7">0</subfield>
    <subfield code="9">40870</subfield>
    <subfield code="a">CPL</subfield>
    <subfield code="b">CPL</subfield>
    <subfield code="c">GEN</subfield>
    <subfield code="d">2018-12-17</subfield>
    <subfield code="g">16.50</subfield>
    <subfield code="o">61 &#x10E1;-22</subfield>
    <subfield code="p">13073</subfield>
    <subfield code="r">2018-12-17</subfield>
    <subfield code="t">13073</subfield>
    <subfield code="w">2018-12-17</subfield>
    <subfield code="y">BK</subfield>
    <subfield code="z">16.50 &#x10DA;.</subfield>
  </datafield>
  <datafield tag="952" ind1=" " ind2=" ">
    <subfield code="0">0</subfield>
    <subfield code="1">0</subfield>
    <subfield code="2">udc</subfield>
    <subfield code="4">0</subfield>
    <subfield code="6">61_&#x10E1;22</subfield>
    <subfield code="7">0</subfield>
    <subfield code="9">40871</subfield>
    <subfield code="a">CPL</subfield>
    <subfield code="b">CPL</subfield>
    <subfield code="c">GEN</subfield>
    <subfield code="d">2018-12-17</subfield>
    <subfield code="g">16.50</subfield>
    <subfield code="o">61 &#x10E1;-22</subfield>
    <subfield code="p">13074</subfield>
    <subfield code="r">2018-12-17</subfield>
    <subfield code="t">13074</subfield>
    <subfield code="w">2018-12-17</subfield>
    <subfield code="y">BK</subfield>
    <subfield code="z">16.50 &#x10DA;.</subfield>
  </datafield>
  <datafield tag="952" ind1=" " ind2=" ">
    <subfield code="0">0</subfield>
    <subfield code="1">0</subfield>
    <subfield code="2">udc</subfield>
    <subfield code="4">0</subfield>
    <subfield code="6">61_&#x10E1;22</subfield>
    <subfield code="7">0</subfield>
    <subfield code="9">40872</subfield>
    <subfield code="a">CPL</subfield>
    <subfield code="b">CPL</subfield>
    <subfield code="c">GEN</subfield>
    <subfield code="d">2018-12-17</subfield>
    <subfield code="g">16.50</subfield>
    <subfield code="o">61 &#x10E1;-22</subfield>
    <subfield code="p">13075</subfield>
    <subfield code="r">2018-12-17</subfield>
    <subfield code="t">13075</subfield>
    <subfield code="w">2018-12-17</subfield>
    <subfield code="y">BK</subfield>
    <subfield code="z">16.50 &#x10DA;.</subfield>
  </datafield>
  <datafield tag="952" ind1=" " ind2=" ">
    <subfield code="0">0</subfield>
    <subfield code="1">0</subfield>
    <subfield code="2">udc</subfield>
    <subfield code="4">0</subfield>
    <subfield code="6">61_&#x10E1;22</subfield>
    <subfield code="7">0</subfield>
    <subfield code="9">40873</subfield>
    <subfield code="a">CPL</subfield>
    <subfield code="b">CPL</subfield>
    <subfield code="c">GEN</subfield>
    <subfield code="d">2018-12-17</subfield>
    <subfield code="g">16.50</subfield>
    <subfield code="o">61 &#x10E1;-22</subfield>
    <subfield code="p">13076</subfield>
    <subfield code="r">2018-12-17</subfield>
    <subfield code="t">13076</subfield>
    <subfield code="w">2018-12-17</subfield>
    <subfield code="y">BK</subfield>
    <subfield code="z">16.50 &#x10DA;.</subfield>
  </datafield>
  <datafield tag="952" ind1=" " ind2=" ">
    <subfield code="0">0</subfield>
    <subfield code="1">0</subfield>
    <subfield code="2">udc</subfield>
    <subfield code="4">0</subfield>
    <subfield code="6">61_&#x10E1;22</subfield>
    <subfield code="7">0</subfield>
    <subfield code="9">40874</subfield>
    <subfield code="a">CPL</subfield>
    <subfield code="b">CPL</subfield>
    <subfield code="c">GEN</subfield>
    <subfield code="d">2018-12-17</subfield>
    <subfield code="g">16.50</subfield>
    <subfield code="o">61 &#x10E1;-22</subfield>
    <subfield code="p">13077</subfield>
    <subfield code="r">2018-12-17</subfield>
    <subfield code="t">13077</subfield>
    <subfield code="w">2018-12-17</subfield>
    <subfield code="y">BK</subfield>
    <subfield code="z">16.50 &#x10DA;.</subfield>
  </datafield>
  <datafield tag="952" ind1=" " ind2=" ">
    <subfield code="0">0</subfield>
    <subfield code="1">0</subfield>
    <subfield code="2">udc</subfield>
    <subfield code="4">0</subfield>
    <subfield code="6">61_&#x10E1;22</subfield>
    <subfield code="7">0</subfield>
    <subfield code="9">40875</subfield>
    <subfield code="a">CPL</subfield>
    <subfield code="b">CPL</subfield>
    <subfield code="c">GEN</subfield>
    <subfield code="d">2018-12-17</subfield>
    <subfield code="g">16.50</subfield>
    <subfield code="o">61 &#x10E1;-22</subfield>
    <subfield code="p">13078</subfield>
    <subfield code="r">2018-12-17</subfield>
    <subfield code="t">13078</subfield>
    <subfield code="w">2018-12-17</subfield>
    <subfield code="y">BK</subfield>
    <subfield code="z">16.50 &#x10DA;.</subfield>
  </datafield>
  <datafield tag="952" ind1=" " ind2=" ">
    <subfield code="0">0</subfield>
    <subfield code="1">0</subfield>
    <subfield code="2">udc</subfield>
    <subfield code="4">0</subfield>
    <subfield code="6">61_&#x10E1;22</subfield>
    <subfield code="7">0</subfield>
    <subfield code="9">40876</subfield>
    <subfield code="a">CPL</subfield>
    <subfield code="b">CPL</subfield>
    <subfield code="c">GEN</subfield>
    <subfield code="d">2018-12-17</subfield>
    <subfield code="g">16.50</subfield>
    <subfield code="o">61 &#x10E1;-22</subfield>
    <subfield code="p">13079</subfield>
    <subfield code="r">2018-12-17</subfield>
    <subfield code="t">13079</subfield>
    <subfield code="w">2018-12-17</subfield>
    <subfield code="y">BK</subfield>
    <subfield code="z">16.50 &#x10DA;.</subfield>
  </datafield>
  <datafield tag="952" ind1=" " ind2=" ">
    <subfield code="0">0</subfield>
    <subfield code="1">0</subfield>
    <subfield code="2">udc</subfield>
    <subfield code="4">0</subfield>
    <subfield code="6">61_&#x10E1;22</subfield>
    <subfield code="7">0</subfield>
    <subfield code="9">40877</subfield>
    <subfield code="a">CPL</subfield>
    <subfield code="b">CPL</subfield>
    <subfield code="c">GEN</subfield>
    <subfield code="d">2018-12-17</subfield>
    <subfield code="g">16.50</subfield>
    <subfield code="o">61 &#x10E1;-22</subfield>
    <subfield code="p">13080</subfield>
    <subfield code="r">2018-12-17</subfield>
    <subfield code="t">13080</subfield>
    <subfield code="w">2018-12-17</subfield>
    <subfield code="y">BK</subfield>
    <subfield code="z">16.50 &#x10DA;.</subfield>
  </datafield>
</record>
